000 00929nam a2200277Ia 4500
003 OSt
005 20220923213810.0
006 a|||||r|||| 00| 0
007 ta
008 220922b |||||||| |||| 00| 0 hin d
024 _a164,642
037 _cTextual
040 _aARTS
_cARTS
_bhin
041 _2hin
_ahin
082 _aO152,1N26x, J9;K6
100 _aभारती, र्मबीरू
_9156279
245 0 _aकनुप्रिया
246 _aKanupriyā
250 _aसंस्क 2
260 _aदिल्ली
_b भारतीय ज्ञानपीठ
_c1966
300 _a83 पृ.
_ccm.
490 _aलोकोदय गं्रन्थमाला ग्रंन्थाक; 91
650 _aहिन्दी साहित्य
_9156264
942 _hO152,1N26x, J9;K6
_cTEXL
_2CC
999 _c319121
_d319121